000 004700000a22001690004500
003 MACL
005 20160108165255.0
008 160108b xxu||||| |||| 00| 0 eng d
040 _aMACL
_cMACL
041 _aEnglish
082 _a910/HUM
100 _aHumboldt, Alexander Von
_930051
245 _aPersonal Narrative of A Pilgrimage to Al Madinah and Meccah
_bvol 1
260 _bG Bell & Sons Ltd
_c1914
_aLondon
650 _aTravel
_930052
942 _cBK
_k910/HUM
_2ddc
999 _c38554
_d38554